[Event "XI Open"]
[Site "Malaga ESP"]
[Date "2008.02.29"]
[Round "8"]
[White "Cisnero,J"]
[Black "Karim,I"]
[Result "0-1"]
[WhiteElo "2043"]
[BlackElo "2347"]

1.c4 c6 2.g3 d5 3.Bg2 Nf6 4.Nf3 Bg4 5.Ne5 Bf5 6.cxd5 cxd5 7.Qa4+ Bd7 8.Nxd7 Qxd7
9.Qxd7+ Nbxd7 10.Nc3 e6 11.d3 a6 12.O-O Bd6 13.e4 d4 14.Ne2 e5 15.f4 Nc5
16.fxe5 Bxe5 17.Bf4 Ng4 18.Bh3 Bxf4 19.gxf4 Ne3 20.Rf3 Rd8 21.Nxd4 Rxd4 22.Rxe3 O-O
23.Bf1 Rfd8 24.Rc1 b6 25.a3 a5 26.Kf2 g6 27.Rc3 a4 28.Kf3 Kg7 29.Be2 Ra8
30.Bd1 Ra5 31.Ke2 Rb5 32.Rc2 f5 33.exf5 gxf5 34.Re5 Kf6 35.Rd2 Rxf4 36.d4 Rxd4
37.Rxd4 Kxe5 38.Rb4 Rxb4 39.axb4 Nb3 40.Bxb3 axb3 41.Ke3 f4+ 42.Kf3 Kf5 43.b5 Ke5
44.h3 Kf5 45.h4 h5  0-1

[Event "25th Festival Open A"]
[Site "Bled SLO"]
[Date "2008.03.01"]
[Round "9"]
[White "Khmelniker,I"]
[Black "Lazar,Ales ML"]
[Result "1/2-1/2"]
[WhiteElo "2469"]
[BlackElo "2273"]

1.c4 c6 2.e4 d5 3.exd5 cxd5 4.d4 Nf6 5.Nc3 Nc6 6.Nf3 Be6 7.c5 g6 8.Be2 Bg7
9.O-O O-O 10.Be3 Ne4 11.Rc1 h6 12.Bb5 g5 13.Bxc6 bxc6 14.Ne5 Qc7 15.Qa4  1/2-1/2

[Event "25th Festival Open A"]
[Site "Bled SLO"]
[Date "2008.03.01"]
[Round "9"]
[White "Jeran,B"]
[Black "Kozamernik,J"]
[Result "1-0"]
[WhiteElo "2173"]
[BlackElo "2221"]

1.c4 c6 2.Nf3 Nf6 3.g3 d5 4.b3 e6 5.Bb2 Nbd7 6.Bg2 Be7 7.O-O O-O 8.d3 b6
9.Nbd2 Bb7 10.a3 c5 11.e3 dxc4 12.bxc4 Qc7 13.Qe2 Rfd8 14.Rfd1 Ne8 15.e4 g6
16.e5 Ng7 17.Ne4 Nf5 18.Nf6+ Kg7 19.g4 Nh6 20.Re1 Ng8 21.g5 Bf8 22.Qe3 Ne7
23.Qf4 Nf5 24.Nh4 Ne7 25.Re3 Bxg2 26.Nxg2 Nf5 27.Rh3 h5 28.gxh6+ Kh8 29.Ne4 Nb8
30.Ne3 Rxd3 31.Nxf5 Rxh3 32.Nfd6 f5 33.exf6 e5 34.Qxe5 Nc6 35.Qe6 Rb3 36.Nf7+ Kg8
37.Nfg5+ Kh8 38.f7+ Rxb2 39.Qf6+ Bg7 40.hxg7+  1-0

[Event "XI Open"]
[Site "Malaga ESP"]
[Date "2008.03.01"]
[Round "9"]
[White "Strikovic,A"]
[Black "Cruz Ravina,F"]
[Result "1/2-1/2"]
[WhiteElo "2543"]
[BlackElo "2361"]

1.c4 c6 2.e4 d5 3.exd5 cxd5 4.cxd5 Nf6 5.Bb5+ Nbd7 6.Nc3 a6 7.Ba4 b5 8.Bb3 Nb6
9.Nf3 Nbxd5 10.O-O e6 11.d4 Be7 12.Bg5 Bb7 13.Ne5 O-O 14.Re1 Nxc3 15.bxc3 Nd7
16.Bxe7 Qxe7 17.Nxd7 Qxd7 18.Re3 Qe7 19.d5 Rad8 20.Qh5 g6 21.Qe5 Bc8 22.Rae1 Rfe8
23.h3 Rd6 24.h4 Red8 25.Qf4 Qf8 26.dxe6 Bxe6 27.Bxe6 Rxe6 28.Rxe6 fxe6 29.Qxf8+ Kxf8
30.Rxe6 Rd1+ 31.Kh2 Rd2 32.Rxa6 Rxf2 33.Rb6 Rc2 34.Rxb5 Rxc3 35.Rb3 Rc4 36.Kh3 Ra4
37.a3 h5 38.g3 Kg7 39.Kg2 g5 40.hxg5 Kg6 41.Kf3 Kxg5 42.Ke2 Ra5 43.Kd3 Ra4
44.Kc2 Kg4 45.Rd3 Ra8 46.Kb3 Rb8+ 47.Ka2 Ra8 48.Re3 Kh3 49.Re5 Kg4 50.Rd5 Rh8
51.Rd3 Ra8 52.Kb3 Rb8+ 53.Kc4 Rc8+ 54.Kb5 Rb8+ 55.Kc6 Ra8 56.Kb7 Ra4 57.Kb6 Ra8
58.Kb5 Rb8+ 59.Kc4 Rc8+ 60.Kb3 Rb8+ 61.Kc2 Ra8 62.Kd2 Ra4 63.Ke2 Kg5 64.Rb3 Ra8
65.Kf2 Ra4 66.Kf3 Ra8 67.Rc3 Kf5 68.Ke2 Kg4 69.Rb3 Kg5 70.Kd2 Kg4 71.Kc2 Rc8+
72.Kb2 Ra8 73.Ka2 Ra7 74.Rd3 Ra8 75.Rc3 Kh3 76.Rc5 Kg4 77.Rd5 Rh8 78.Rd3 Ra8
79.Re3 Kh3 80.Kb3 Rb8+ 81.Kc4 Rc8+ 82.Kb5 Rb8+ 83.Kc6 Ra8 84.Rd3 Kg4 85.Kb7 Ra4
86.Kb6 Ra8 87.Rc3 Kh3 88.Kb5 Rb8+ 89.Ka4 Ra8+ 90.Kb3 Rb8+ 91.Kc2 Ra8  1/2-1/2

[Event "TCh-HUN 2007-8"]
[Site "Budapest HUN"]
[Date "2008.03.02"]
[Round "7"]
[White "Horvath,Jo1"]
[Black "Berczes,D"]
[Result "1-0"]
[WhiteElo "2519"]
[BlackElo "2430"]

1.c4 c6 2.d4 d5 3.Nf3 Nf6 4.Qb3 dxc4 5.Qxc4 Bf5 6.g3 e6 7.Bg2 Nbd7 8.O-O Be7
9.Rd1 O-O 10.e3 Rc8 11.Qe2 b5 12.Nbd2 Bc2 13.Re1 Bg6 14.b3 Qa5 15.a3 c5 16.Bb2 Qb6
17.dxc5 Bxc5 18.Rec1 a6 19.b4 Bd6 20.Nb3 e5 21.Nh4 Bh5 22.Qd3 Bb8 23.Na5 Qe6
24.Qf5 e4 25.Qxe6 fxe6 26.Bh3 Kf7 27.Bf1 g5 28.Ng2 Ne5 29.Ne1 Nd5 30.Bd4 Bc7
31.Rxc7+ Rxc7 32.Bxe5 Rcc8 33.Nb7  1-0

[Event "TCh-HUN 2007-8"]
[Site "Budapest HUN"]
[Date "2008.03.02"]
[Round "7"]
[White "Apro,A"]
[Black "Karolyfalvi,Z"]
[Result "1/2-1/2"]
[WhiteElo "2207"]
[BlackElo "2170"]

1.c4 c6 2.Nc3 d5 3.cxd5 cxd5 4.d4 Nf6 5.Nf3 Nc6 6.Bf4 e6 7.e3 Bd6 8.Bg5 Qb6
9.a3 Ne4 10.Nxe4 dxe4 11.Nd2 Qxb2 12.Be2 Bxa3 13.O-O O-O 14.Rb1 Qc3 15.Nxe4 Qa5
16.Ra1 b5 17.Bf3 b4 18.Nf6+ gxf6 19.Bxf6 Qf5 20.Bxc6 Qxf6 21.Bxa8 Ba6 22.Be4 Bxf1
23.Qxf1 Rc8  1/2-1/2

[Event "24th Open"]
[Site "Bad Woerishofen GER"]
[Date "2008.03.04"]
[Round "6"]
[White "Ivanov,MM"]
[Black "Ballon,G"]
[Result "1/2-1/2"]
[WhiteElo "2483"]
[BlackElo "2159"]

1.c4 c6 2.e4 e5 3.Nf3 d6 4.d4 Bg4 5.dxe5 Bxf3 6.gxf3 dxe5 7.Qxd8+ Kxd8 8.f4 Nf6
9.Nc3 Bd6 10.Rg1 Rg8 11.c5 Bc7 12.f5 Nbd7 13.Be3 Ke7 14.b4 g6 15.fxg6 Rxg6
16.Rxg6 hxg6 17.Bg5 a5 18.b5 Nxc5 19.bxc6 bxc6 20.Rc1 Ne6 21.h4 Bd6 22.Bb5 Nxg5
23.hxg5 cxb5 24.gxf6+ Kxf6 25.Nxb5 Bb4+ 26.Ke2 Rd8 27.a3 Rb8 28.axb4 Rxb5
29.bxa5 Rxa5 30.Rc7 Ra3 31.f3 Ra2+ 32.Ke3 Rh2 33.Ra7 Rh4 34.Rb7 Rf4 35.Rb5 Rh4
36.Rb7 Rh8 37.Ra7 Re8 38.f4 exf4+ 39.Kxf4 g5+ 40.Kf3 Re6 41.Ra5 Kg6 42.Ra8 Rf6+
43.Kg3 Rf4 44.Ra6+ Kg7 45.Ra5 f6 46.e5 f5 47.Ra7+ Kg6 48.Ra6+ Kh5 49.Rf6 Rg4+
50.Kf3 Rf4+ 51.Kg3 Rg4+ 52.Kf3 f4 53.Ke4 Rg1 54.Kf5 f3 55.Rf8 Kh4 56.Rh8+ Kg3
57.Kxg5 f2 58.Rf8 Re1 59.Rxf2  1/2-1/2

[Event "XXIII Open"]
[Site "Reykjavik ISL"]
[Date "2008.03.04"]
[Round "2"]
[White "Galego,L"]
[Black "Bergsson,Sn"]
[Result "1-0"]
[WhiteElo "2529"]
[BlackElo "2333"]

1.c4 c6 2.e4 d5 3.cxd5 cxd5 4.exd5 Nf6 5.Nc3 Nxd5 6.Nf3 Nc6 7.d4 Bg4 8.Be2 e6
9.O-O Be7 10.h3 Bf5 11.Be3 O-O 12.Qb3 Ndb4 13.Rac1 a6 14.a3 Na5 15.Qd1 Nd5
16.Nxd5 exd5 17.Ne5 f6 18.Nd3 Nc4 19.Nf4 Nb6 20.Qb3 g5 21.Nd3 Nc4 22.Qxb7 Rb8
23.Qxa6 Bd7 24.Nc5 Rb6 25.Qa7 Bb5 26.Bxc4 Bxc4 27.Rxc4 dxc4 28.Nd7 Rxb2 29.Nxf8 Bxf8
30.Qa6 Qd5 31.Rc1 Rb5 32.Qc8 Kf7 33.Qc7+ Kg6 34.Qxc4 Qxc4 35.Rxc4 Bxa3 36.g4 Bd6
37.Rc8 h6 38.Rd8 Be7 39.Rd7 Kf7 40.Kg2 f5 41.gxf5 Rxf5 42.Rb7 Ke6 43.Rb8 Bd6
44.Rh8 Bf8 45.Rh7 Kf6 46.Rb7 Ke6 47.Kg3 h5 48.Rh7 Bd6+ 49.Kg2 h4 50.Rh6+ Kd5
51.Kf1 Rf3 52.Bxg5 Rxh3 53.Be3 Bc7 54.Kg2 Rh2+ 55.Kf3 Rh1 56.Rh7 Kd6 57.d5  1-0

[Event "Cvijet Mediterana"]
[Site "Rijeka CRO"]
[Date "2008.03.04"]
[Round "5"]
[White "Franciskovic,B"]
[Black "Coimbra,M"]
[Result "1/2-1/2"]
[WhiteElo "2238"]
[BlackElo "2124"]

1.c4 c6 2.e4 d5 3.exd5 cxd5 4.cxd5 Nf6 5.Nc3 Nxd5 6.Nf3 e6 7.d4 Bb4 8.Bd2 O-O
9.Bd3 Nd7 10.O-O N7f6 11.a3 Be7 12.Re1 b6 13.Ne5 Bb7 14.Qe2 Rc8 15.Ne4 Nxe4
16.Bxe4 Rc7 17.Rac1 Rxc1 18.Rxc1 Qa8 19.Bd3  1/2-1/2

[Event "24th Open"]
[Site "Bad Woerishofen GER"]
[Date "2008.03.05"]
[Round "7"]
[White "Tennstedt,A"]
[Black "Von Saldern,R"]
[Result "1-0"]
[WhiteElo "2208"]
[BlackElo "2056"]

1.c4 c6 2.e4 e6 3.Nf3 d5 4.cxd5 exd5 5.exd5 Qxd5 6.Nc3 Qa5 7.Bc4 Bd6 8.Qe2+ Ne7
9.Ne4 Qc7 10.Nfg5 O-O 11.Qh5 Bf5 12.Bxf7+ Kh8 13.Nxh7 g6 14.Qh6 Ng8 15.Bxg8 Kxg8
16.Nxf8 Bxf8 17.Nf6+  1-0

[Event "24th Open"]
[Site "Bad Woerishofen GER"]
[Date "2008.03.06"]
[Round "8"]
[White "Bronznik,V"]
[Black "Ballon,G"]
[Result "1/2-1/2"]
[WhiteElo "2377"]
[BlackElo "2159"]

1.c4 c6 2.e4 e5 3.Nf3 d6 4.d4 Nd7 5.Nc3 Ngf6 6.g3 Be7 7.Bg2 O-O 8.O-O a5
9.h3 Qc7 10.Be3 Re8 11.Qc2 h6 12.Rad1 Bf8 13.Nd2 b5 14.c5 dxc5 15.dxe5 Nxe5
16.f4 Ng6 17.e5 Bb7 18.Nce4 Nxe4 19.Nxe4 c4 20.Qf2 c5 21.Nd6 Bxd6 22.exd6 Qd7
23.Bxc5 Bxg2 24.Qxg2 Ra6 25.Rd5 Nf8 26.Rfd1 Qc6 27.Bf2 Nd7 28.Bd4 Re6 29.Bf2 b4  1/2-1/2

[Event "XXIII Open"]
[Site "Reykjavik ISL"]
[Date "2008.03.06"]
[Round "4"]
[White "Vigfusson,V"]
[Black "Kristinardottir,E"]
[Result "0-1"]
[WhiteElo "2052"]
[BlackElo "1721"]

1.c4 c6 2.g3 d5 3.b3 Nf6 4.Bb2 Bf5 5.Bg2 e6 6.Nf3 Ne4 7.d3 Bb4+ 8.Nfd2 Nxd2
9.Nxd2 Qg5 10.f4 Qg6 11.a3 Bc5 12.e4 Bg4 13.Bf3 Bxf3 14.Qxf3 dxe4 15.Nxe4 Be7
16.O-O h5 17.f5 exf5 18.Qxf5 Qxf5 19.Rxf5 f6 20.d4 Nd7 21.d5 cxd5 22.cxd5 Nc5
23.d6 Nxe4 24.dxe7 Kf7 25.Re1 Ng5 26.Re2 Rae8 27.a4 Rxe7 28.Rxe7+ Kxe7 29.Ba3+ Ke6
30.Rc5 Rd8 31.Rc7 Rd7 32.Rxd7 Kxd7 33.Kf2 Ke6 34.Ke3 Nf7 35.Bb2 Nd6 36.Bc3 Nf5+
37.Ke4 Ne7 38.Bd4 a6 39.Bc5 Nd5 40.Bd4 f5+ 41.Kd3 g5 42.Bf2 f4 43.gxf4 Nxf4+
44.Ke4 Nd5 45.Be1 Nf6+ 46.Kf3 Kf5 47.Ba5 Ne4 48.Bb4 g4+ 49.Ke3 Ng5 50.Bd6 Nf3
51.a5 h4 52.Bc7 Ne5 53.Bd8 h3 54.Kf2 Nd3+ 55.Kg3 Nc5 56.b4 Ne4+ 57.Kh4 Kf4
58.Bc7+ Kf3 59.Bb6 g3 60.Kxh3 Ng5+  0-1

[Event "Lendas do Xadrez"]
[Site "Rio de Janeiro BRA"]
[Date "2008.03.07"]
[Round "6"]
[White "Fontes,C1"]
[Black "Di Berardino,D"]
[Result "0-1"]
[WhiteElo "2232"]
[BlackElo "2430"]

1.c4 c6 2.Nf3 d5 3.b3 Nf6 4.g3 Bf5 5.Bg2 e6 6.O-O Be7 7.d3 h6 8.Bb2 O-O 9.Nbd2 Nbd7
10.Rc1 Re8 11.Rc2 Qb8 12.Qa1 Bd6 13.Re1 Bh7 14.Rcc1 a5 15.a4 e5 16.Ba3 Bxa3
17.Qxa3 e4 18.dxe4 dxe4 19.Nd4 e3 20.N2f3 exf2+ 21.Kxf2 Ne5 22.Bh3 c5 23.Nb5 Ne4+
24.Kg1 Nxg3 25.Nd2 Qd8 26.b4 Nh5 27.bxc5 Qxd2  0-1

[Event "Bundesliga 2007-8"]
[Site "Eppingen GER"]
[Date "2008.03.08"]
[Round "10"]
[White "Schlosser,P"]
[Black "Guliyev,N"]
[Result "1/2-1/2"]
[WhiteElo "2564"]
[BlackElo "2570"]

1.c4 c6 2.d4 d5 3.Nf3 Nf6 4.e3 Bf5 5.Nc3 e6 6.Nh4 Bg6 7.Be2 Nbd7 8.a3 Be7
9.Nxg6 hxg6 10.b3 e5 11.dxe5 Nxe5 12.cxd5 Nxd5 13.Nxd5 Qxd5 14.Qxd5 cxd5
15.Bb2 Bf6 16.O-O-O O-O-O 17.Rd2 Rd6 18.Kb1 Kc7 19.h4 Nc6 20.Bxf6 Rxf6 21.Bf3 Ne7
22.Rd4 Rd8 23.Rc1+ Rc6 24.Rcd1 Rcd6 25.Kb2 b6 26.Rf4 f6 27.g4 Nc6 28.g5 Ne5
29.Bg2 Nc6 30.Bf3 R8d7 31.Bg4 Re7 32.Bf3 Re5  1/2-1/2

[Event "TCh-AUT 1st Bundesliga 2007-8"]
[Site "Graz AUT"]
[Date "2008.03.15"]
[Round "10"]
[White "Weiss,C"]
[Black "Buhmann,R"]
[Result "0-1"]
[WhiteElo "2449"]
[BlackElo "2570"]

1.c4 c6 2.d4 d5 3.e3 Nf6 4.Nf3 a6 5.Nbd2 Bf5 6.Be2 h6 7.O-O e6 8.a4 Be7 9.Qb3 Qc7
10.Qc3 a5 11.Bd3 Bxd3 12.Qxd3 O-O 13.b3 Nbd7 14.Bb2 Rfd8 15.Rac1 Qb6 16.Rfd1 Qa6
17.Qb1 b5 18.axb5 cxb5 19.c5 Qc6 20.Ne1 Rdb8 21.Nd3 Bd8 22.f3 Bc7 23.Rf1 b4
24.Qc2 Re8 25.f4 Qb5 26.Nf2 Nb8 27.Ra1 Nc6 28.Qd3 Qb7 29.g4 Ne7 30.Kh1 Nh7
31.Nf3 f6 32.Rg1 Rf8 33.Rg2 Qc6 34.h4 Qe8 35.Rag1 Kh8 36.h5 f5 37.Rh2 fxg4
38.Nxg4 Rf5 39.Nfe5 Rxh5 40.e4 Rxh2+ 41.Nxh2 Bxe5 42.dxe5 dxe4 43.Qxe4 Rd8  0-1

[Event "TCh-AUT 1st Bundesliga 2007-8"]
[Site "Graz AUT"]
[Date "2008.03.15"]
[Round "10"]
[White "Bunzmann,D"]
[Black "Haba,P"]
[Result "0-1"]
[WhiteElo "2518"]
[BlackElo "2536"]

1.c4 c6 2.e4 d5 3.exd5 cxd5 4.d4 Nf6 5.Nc3 e6 6.a3 Be7 7.Nf3 O-O 8.c5 Ne4
9.Qc2 f5 10.b4 Bf6 11.Bb2 b6 12.Be2 a5 13.Na4 bxc5 14.bxc5 Ba6 15.Bxa6 Rxa6
16.O-O Nc6 17.Rab1 g5 18.Qd3 Ra7 19.Ne1 Qe8 20.f3 Nxd4 21.fxe4 Qxa4 22.exd5 exd5
23.Rd1 Ne6 24.Bxf6 Rxf6 25.Qxd5 Kg7 26.Nf3 Qxa3 27.c6 Qe3+ 28.Kh1 Nf4 29.Qc4 Qe2
30.Qxe2 Nxe2 31.Rd2 Nc3 32.Rc1 Rxc6 33.Nd4 Rc4 34.Nxf5+ Kg6 35.Ne3 Rc5 36.g4 Ne4
37.Rxc5 Nxc5 38.Rd6+ Kf7 39.Rh6 Kg8 40.Rc6 Nd7 41.Nf5 a4 42.Ne7+ Kf8 43.Nc8 Ra8
44.Rc7 a3 45.Rxd7 a2 46.Rd8+ Kg7 47.Rd1 Rxc8 48.Kg2 Ra8  0-1

[Event "39th Open"]
[Site "Mar del Plata ARG"]
[Date "2008.03.17"]
[Round "4"]
[White "Contin,D"]
[Black "Alonso,S"]
[Result "1/2-1/2"]
[WhiteElo "2309"]
[BlackElo "2404"]

1.c4 c6 2.e4 d5 3.exd5 cxd5 4.d4 Nf6 5.Nc3 g6 6.Qb3 Bg7 7.cxd5 O-O 8.Be2 Na6
9.Bf3 Qb6 10.Qxb6 axb6 11.Nge2 Nb4 12.O-O Rd8 13.d6 Rxd6 14.Bf4 Rd7 15.Rfd1 Nfd5  1/2-1/2

[Event "ch-SRB"]
[Site "Mataruska Banja SRB"]
[Date "2008.03.17"]
[Round "3"]
[White "Damljanovic,B"]
[Black "Bogosavljevic,B"]
[Result "1/2-1/2"]
[WhiteElo "2582"]
[BlackElo "2492"]

1.c4 c6 2.e4 d5 3.exd5 cxd5 4.cxd5 Nf6 5.Nc3 Nxd5 6.Nf3 Nxc3 7.bxc3 g6 8.h4 Bg7
9.h5 Nc6 10.d4 O-O 11.hxg6 hxg6 12.Bh6 Bxh6 13.Rxh6 e5 14.Bc4 Kg7 15.Qd2 exd4
16.O-O-O Qa5 17.Nxd4 Bf5 18.Nxf5+ Qxf5 19.Rdh1 Rad8 20.Rh7+ Kf6 21.Qh6 Ne5
22.Qg7+ Ke7 23.Re1 Kd6 24.Rh4 Qg5+ 25.Kc2 Qxh4 26.Qxe5+ Kc6 27.Qb5+ Kc7 28.Qc5+ Kb8
29.Re7 Qf4 30.g3 Qd2+ 31.Kb3 Qd1+ 32.Kb4 Qd6 33.Qxd6+ Rxd6 34.Bxf7 Rf6 35.Bd5 Rb6+
36.Kc5 Rxf2 37.a4 Rf8 38.a5 Rb1 39.c4 a6 40.Re6 Rc8+ 41.Kd6 Rd1 42.Ke7 g5
43.Rg6 Ra1 44.Rxg5 Rxa5 45.Kf6 Rac5 46.g4 a5 47.Rg7 R8c7 48.Rxc7 Kxc7 49.g5 a4
50.g6 a3 51.g7 a2 52.g8=Q a1=Q+ 53.Kf5 Qb1+ 54.Ke6 Qe1+ 55.Kf5 Qb1+ 56.Ke6 Qb6+
57.Kf5 Ra5 58.Qg3+ Qd6 59.Qc3 Qd7+ 60.Kf4 Ra6 61.Qe5+ Kb6 62.Qd4+ Kc7 63.Qe5+ Kc8
64.Qh8+ Kc7 65.Qe5+ Qd6 66.c5 Qxe5+ 67.Kxe5 Rh6 68.Bf3 Kb8 69.Kd4 Ka7 70.Kc4 Ka6
71.Bd5 Rh4+ 72.Kc3 Rh3+ 73.Kb4 Rh2 74.Bc4+ Ka7 75.Bd5 Kb8 76.Kc4 Kc7 77.Bf3 Rb2
78.Be4 Re2 79.Bd5 Rc2+ 80.Kd4 Rc1 81.Be4 Kb8 82.Bd5 Rd1+ 83.Ke5 Rc1 84.Kd6 Rc3  1/2-1/2

[Event "ch-Siberia"]
[Site "Novokuznetsk RUS"]
[Date "2008.03.18"]
[Round "6"]
[White "Kovalevich,L"]
[Black "Dolsonov,A"]
[Result "1-0"]
[WhiteElo "2268"]
[BlackElo "2095"]

1.c4 c6 2.e4 e5 3.Nf3 d6 4.d4 Qc7 5.Nc3 g6 6.Be2 Bg7 7.O-O Nf6 8.d5 O-O 9.Ne1 Ne8
10.Be3 f5 11.f3 Nf6 12.b4 a5 13.a3 Re8 14.Nd3 Nbd7 15.Qb3 a4 16.Qa2 Nf8 17.Rac1 Qf7
18.Nb2 fxe4 19.fxe4 Qe7 20.Nbxa4 Nxe4 21.Nxe4 Rxa4 22.c5 cxd5 23.Nxd6 Be6
24.Nxe8 Qxe8 25.Bg5 Qa8 26.Ra1 e4 27.Bf6 Bh6 28.Bd4 Qb8 29.Bb5 Ra8 30.Qf2 Qd8
31.a4 Bf5 32.Rad1 Ne6 33.Be3 Bg7 34.Bc4 dxc4 35.Rxd8+ Rxd8 36.h3 Rd3 37.Kh1 h5
38.b5 Ra3 39.Qe2 h4 40.Qxc4 Rc3 41.Qe2 Nxc5 42.Rc1 Nxa4 43.Rxc3 Nxc3 44.Qc4+ Kh7
45.b6 Nb1 46.Qf7 Kh8 47.Qe8+ Kh7 48.Qe7 Kg8 49.Qd6  1-0

[Event "10th Foxwoods Open"]
[Site "Ledyard USA"]
[Date "2008.03.19"]
[Round "1"]
[White "Ginsburg,M"]
[Black "Iwu,O"]
[Result "1-0"]
[WhiteElo "2365"]
[BlackElo "2145"]

1.c4 c6 2.d4 d5 3.Nf3 Nf6 4.Nc3 dxc4 5.a4 Na6 6.e4 Bg4 7.Bxc4 e6 8.Be3 Nb4
9.a5 Be7 10.Be2 O-O 11.O-O Qc7 12.Qb3 b5 13.a6 Rac8 14.Bc1 Qb8 15.h3 Bh5
16.g4 Bg6 17.Ne5 Rfd8 18.g5 Nd7 19.Nxg6 hxg6 20.Rd1 Nb6 21.h4 Na8 22.h5 Nc7
23.hxg6 Nbxa6 24.gxf7+ Kxf7 25.g6+ Kxg6 26.Rxa6 Nxa6 27.Qxe6+ Bf6 28.Bh5+  1-0

[Event "Doeberl Cup"]
[Site "Canberra AUS"]
[Date "2008.03.20"]
[Round "2"]
[White "Dilla,E"]
[Black "Yu,D"]
[Result "0-1"]
[WhiteElo "2153"]
[BlackElo "1987"]

1.c4 c6 2.Nc3 d5 3.d4 dxc4 4.a4 e5 5.dxe5 Qxd1+ 6.Nxd1 Be6 7.e4 Nd7 8.Nf3 Ne7
9.Bf4 Ng6 10.Bg3 O-O-O 11.Nc3 Bb4 12.Be2 h6 13.Nd2 h5 14.h3 Ndxe5 15.Rd1 Nd3+
16.Bxd3 Rxd3 17.Ndb1 Rhd8 18.Rxd3 cxd3 19.Kd2 Bb3 20.Na3 Bxa4 21.Nc4 Bb3
22.Ne3 Nf8 23.Bh4 f6 24.f4 Ne6 25.e5 g5 26.fxg5 fxg5 27.Bf2 Nc5 28.Nd1 Ne4+
29.Ke3 Nxf2 30.Kxf2 Bc5+ 31.Kf3 Bd4 32.Ke4 Bxc3 33.Nxc3 d2 34.Nd1 Bc2+ 35.Ke3 Rd5
36.Rf1 Bxd1 37.Rxd1 Rxe5+  0-1

[Event "ch-DEN"]
[Site "Silkeborg DEN"]
[Date "2008.03.20"]
[Round "6"]
[White "Glud,J"]
[Black "Hansen,SuB"]
[Result "1/2-1/2"]
[WhiteElo "2486"]
[BlackElo "2549"]

1.c4 c6 2.Nf3 d5 3.b3 Bf5 4.g3 Nf6 5.Bg2 e6 6.O-O h6 7.Bb2 Be7 8.d3 O-O 9.Nbd2 Bh7
10.a3 a5 11.Rc1 Nbd7 12.Rc2 Bd6 13.Qa1 Qe7 14.Rfc1 e5 15.cxd5 cxd5 16.Ne1 Qe6
17.a4 Nb8 18.Ba3 Bxa3 19.Qxa3 Nc6 20.Rc5 Rfd8 21.Qb2 Rd7 22.Ndf3 Re7 23.Rb5 Bf5
24.Nc2 Bg4 25.Ne3 Bxf3 26.Bxf3 Rd8 27.Bg2 e4 28.d4 g5 29.Nc2 Ne8 30.Rc5 Nc7
31.Ne3 f5 32.Bh3 g4 33.Bf1 Qf6 34.Rd1 Red7 35.Ng2 Ne6 36.Rc2 Nb4 37.Rcc1 h5
38.Qd2 h4 39.Nf4 Ng5 40.gxh4 Nh7 41.Ng2 Rf7 42.Qf4 Nf8 43.e3 Ne6  1/2-1/2

[Event "ch-DEN"]
[Site "Silkeborg DEN"]
[Date "2008.03.20"]
[Round "6"]
[White "Rasmussen,Kar"]
[Black "Holmsgaard,H"]
[Result "1/2-1/2"]
[WhiteElo "2505"]
[BlackElo "2324"]

1.c4 c6 2.e4 d5 3.cxd5 cxd5 4.exd5 Nf6 5.Nc3 Nxd5 6.Nf3 Nc6 7.Bb5 e6 8.O-O Be7
9.d4 O-O 10.Re1 Nxc3 11.bxc3 Bd7 12.Qe2 Bf6 13.Bd3 Rc8 14.Qe4 g6 15.Bh6 Re8
16.Qf4 Bg7 17.Ng5 Qf6 18.Qh4 Bxh6 19.Qxh6 Qg7 20.Qh4 f5 21.Nf3 Nd8 22.c4 Nf7
23.Qf4 Bc6 24.Ne5 Rcd8 25.Nxf7 Qxf7 26.Rad1 Qd7 27.Bc2 b5 28.cxb5 Bxb5 29.h4 Bc4
30.h5 Qg7 31.hxg6 hxg6 32.Bb3 Bxb3 33.axb3 e5 34.dxe5 Rxd1 35.Rxd1 Qxe5 36.Qh6 Qg7
37.Qg5 Qf7 38.Rd3 Kg7 39.Qf4 Re4 40.Qd2 Re7 41.Rd6 Kh7 42.Qd4 Re4 43.Qd3 Re7
44.Rd8 Re8 45.Qd7 Qxd7 46.Rxd7+ Kh6 47.Rxa7 Rb8 48.Ra3 g5 49.Kf1 Kh5 50.Ke2 f4
51.Kd3 Kg4 52.Kc3 Rc8+ 53.Kb2 Re8 54.Ra2 f3 55.Ra4+ Kh5 56.gxf3  1/2-1/2

[Event "15th Belisce Metalis Open"]
[Site "Bizovac CRO"]
[Date "2008.03.21"]
[Round "1"]
[White "Jovanovic,Zo CRO"]
[Black "Plesnik,H"]
[Result "1-0"]
[WhiteElo "2525"]
[BlackElo "1998"]

1.c4 c6 2.e4 d5 3.exd5 cxd5 4.cxd5 Nf6 5.Nc3 Nxd5 6.Nf3 Nxc3 7.bxc3 e6 8.d4 Be7
9.Bd3 Nd7 10.O-O O-O 11.Re1 Nf6 12.Ne5 Qc7 13.Qf3 Nd5 14.Bd2 f6 15.Qh5 f5
16.Rac1 Bd6 17.c4 Nb4 18.Bb1 Bxe5 19.dxe5 Nc6 20.Bf4 Bd7 21.Red1 Be8 22.Qe2 Qe7
23.Rc3 h6 24.Rd6 g5 25.Bc1 Bf7 26.h4 Kg7 27.hxg5 h5 28.g6 Bxg6 29.Rg3 h4
30.Rxg6+ Kxg6 31.Qg4+ Kh7 32.Bg5 Kg8 33.Bxf5 exf5 34.Rg6+ Kf7 35.Qh5 Ke8
36.Bxe7 Nxe7 37.Rd6+  1-0

[Event "Doeberl Cup"]
[Site "Canberra AUS"]
[Date "2008.03.21"]
[Round "3"]
[White "Dowden,A"]
[Black "Jule,A"]
[Result "1-0"]
[WhiteElo "2170"]
[BlackElo "1931"]

1.c4 c6 2.g3 Nf6 3.Bg2 d5 4.Nf3 e6 5.b3 Nbd7 6.O-O Bd6 7.Bb2 O-O 8.Nc3 b6
9.Nd4 Bb7 10.Rc1 c5 11.Ndb5 Be7 12.cxd5 exd5 13.d4 a6 14.Na3 b5 15.Nc2 c4
16.b4 Nb6 17.f3 Qd7 18.e4 a5 19.e5 Ne8 20.a3 Nc7 21.bxa5 Rxa5 22.f4 Rfa8
23.f5 Na4 24.Nxa4 Rxa4 25.f6 Bf8 26.fxg7 Bxg7 27.Qh5 Rf8 28.Bh3 Qc6 29.Bf5 Qh6
30.Qg4 c3 31.Bxc3 Rc4 32.Bb4 Re8 33.Rcd1 Rxe5 34.Bd2 Qb6 35.Bd3 Rc6 36.Ne3 Bc8
37.Qxc8+  1-0

[Event "39th Open"]
[Site "Mar del Plata ARG"]
[Date "2008.03.21"]
[Round "8"]
[White "Lopez,Di"]
[Black "Lovece,R"]
[Result "1-0"]
[WhiteElo "2129"]
[BlackElo "2006"]

1.c4 c6 2.Nf3 d5 3.b3 Nf6 4.g3 Bf5 5.Bg2 e6 6.O-O Be7 7.Bb2 O-O 8.d3 h6 9.Nbd2 a5
10.a3 Na6 11.cxd5 exd5 12.Nd4 Bh7 13.e4 Nc5 14.Qc2 Qb6 15.Nf5 Bxf5 16.exf5 Nfd7
17.d4 Na6 18.Nf3 Bf6 19.Ne5 Rad8 20.Qd2 Qc7 21.f4 b6 22.Qe2 Qb7 23.Qh5 c5
24.g4 cxd4 25.Bxd4 Rde8 26.Rae1 Nac5 27.Re3 Nxe5 28.Bxe5 Nd7 29.g5 Bxg5 30.fxg5 Rxe5
31.Rg3 Kh8 32.gxh6 g6 33.Qh4 Qc6 34.fxg6 fxg6 35.Rxf8+ Nxf8 36.Qf4 Qc5+ 37.Kh1 Rf5
38.Qd2 Rf2 39.Qe1 d4 40.Qxf2  1-0

[Event "ch-Siberia"]
[Site "Novokuznetsk RUS"]
[Date "2008.03.21"]
[Round "9"]
[White "Dashiev,K"]
[Black "Medvedev,E"]
[Result "1/2-1/2"]
[WhiteElo "2148"]
[BlackElo "2013"]

1.c4 c6 2.e4 e5 3.Nc3 Nf6 4.Nf3 d6 5.Be2 g6 6.O-O Bg7 7.d4 exd4 8.Nxd4 O-O
9.Qc2 Re8 10.Rd1 Qe7 11.f3 Be6 12.Bf4 Rd8 13.h3 Na6 14.a3 d5 15.cxd5 cxd5
16.Be3 dxe4 17.Nxe6 Qxe6 18.fxe4 Re8 19.Bf3 Nd7 20.Bf2 Ne5 21.Be2 Bf8 22.Rf1 Bc5
23.Nd5 Bxf2+ 24.Rxf2 Rac8 25.Qd2 Red8 26.Qg5 Rxd5 27.exd5 Qxd5 28.Kh1 Qd4
29.Raf1 Nc5 30.Qe7 Ne4 31.Rxf7 Nxf7 32.Qxf7+ Kh8 33.Qf4 g5 34.Qf3 Re8 35.Bd3 g4
36.hxg4 Nc5 37.Qf7 Qd7 38.Qxd7 Nxd7 39.Rf7 Re1+ 40.Rf1 Rxf1+ 41.Bxf1 Ne5
42.Be2 Kg7 43.Kg1 Kg6 44.Kf2 Kg5 45.Ke3 Nxg4+ 46.Kd4 Kf4 47.Bf3 b6 48.a4 h5
49.Kd5 Ne3+ 50.Kc6 h4 51.Kb7 Kg3 52.Bc6 Nxg2 53.Bd7 Nf4 54.Kxa7 Nd3 55.b3 Nc5
56.Bc6 Nxb3 57.Kxb6 h3 58.Bh1 h2 59.Kb5 Kf2 60.Kc4 Kg1 61.Bd5 Na1 62.a5 Nc2
63.Kc5 Ne3 64.Bf3 Ng2 65.a6 h1=Q 66.a7 Qh8 67.a8=Q Qxa8 68.Bxa8  1/2-1/2

[Event "Far West Open"]
[Site "Reno USA"]
[Date "2008.03.21"]
[Round "1"]
[White "Fairbairn,S"]
[Black "Pearson,M"]
[Result "0-1"]
[WhiteElo "2086"]
[BlackElo "2143"]

1.c4 c6 2.e4 e5 3.Nc3 Bc5 4.g3 d6 5.Bg2 Ne7 6.Nge2 O-O 7.O-O Nd7 8.d4 exd4
9.Nxd4 Ne5 10.b3 a6 11.Bb2 b5 12.cxb5 axb5 13.Kh1 Qb6 14.Nce2 f5 15.f4 Ng4
16.Qd2 fxe4 17.Bxe4 Nf6 18.Bg2 Ned5 19.Rfd1 Re8 20.Nc3 Ne3 21.Bxc6 Bb7  0-1

[Event "Spring Festival"]
[Site "Budapest HUN"]
[Date "2008.03.22"]
[Round "2"]
[White "Simonyi,Z"]
[Black "Juhasz,Kr"]
[Result "0-1"]
[WhiteElo "2262"]
[BlackElo "2106"]

1.c4 c6 2.b3 d5 3.Bb2 Bg4 4.f4 Nd7 5.g3 e6 6.Bg2 h5 7.Nf3 Ngf6 8.d3 Bc5 9.d4 Bb4+
10.Bc3 c5 11.Bxb4 cxb4 12.Nbd2 Bxf3 13.Bxf3 Ng4 14.Nf1 Nb6 15.Qd3 Qd7 16.h3 Nf6
17.Ne3 Rc8 18.Rc1 Ke7 19.Kf2 Rhd8 20.Rhd1 a5 21.f5 dxc4 22.bxc4 Na4 23.fxe6 Qxe6
24.Bxb7 Nb2 25.Qf5 Nxd1+ 26.Rxd1 Rc7 27.Bf3 Qxf5 28.Nxf5+ Kf8 29.c5 Rxc5
30.dxc5 Rxd1 31.Nd6 Rxd6 32.cxd6 a4  0-1

[Event "TCh-FRA Top 16 Gp B"]
[Site "Gonfreville FRA"]
[Date "2008.03.22"]
[Round "1"]
[White "Roos,Louis1"]
[Black "Bergez,L"]
[Result "1-0"]
[WhiteElo "2366"]
[BlackElo "2370"]

1.c4 c6 2.Nf3 d5 3.Na3 g6 4.g3 Bg7 5.Bg2 e5 6.d3 Ne7 7.Rb1 O-O 8.O-O Bf5
9.Nh4 Be6 10.b4 dxc4 11.Nxc4 b5 12.Na5 Bxa2 13.Ra1 Bd5 14.e4 Be6 15.Be3 Qd7
16.Qc2 c5 17.Bxc5 Na6 18.Qb2 Nxc5 19.bxc5 Rfb8 20.Nf3 Nc6 21.Nxc6 Qxc6 22.Rfc1 a5
23.Nxe5 a4 24.f4 b4 25.d4 Bxe5 26.fxe5 a3 27.Qf2 b3 28.d5 Qc8 29.Rcb1 Rb4
30.Rf1 b2 31.Rad1 a2 32.Bh3 f5 33.exf6 Bxh3 34.f7+ Kf8 35.Qf6 Qxc5+ 36.Kh1 Bxf1
37.d6 Rxe4 38.Qh8+ Kxf7 39.Qxh7+ Ke6 40.Qe7+ Kf5 41.Rxf1+  1-0

[Event "SCT Ladies Open"]
[Site "Stockholm SWE"]
[Date "2008.03.22"]
[Round "5"]
[White "Gavasheli,A"]
[Black "Juergens,V"]
[Result "1-0"]
[WhiteElo "2235"]
[BlackElo "2310"]

1.c4 c6 2.Nf3 Nf6 3.g3 d5 4.Qc2 g6 5.Bg2 Bg7 6.O-O O-O 7.d3 Na6 8.a3 dxc4
9.Qxc4 Be6 10.Qc2 h6 11.b4 c5 12.b5 Nc7 13.a4 Nfd5 14.Bb2 Nb4 15.Qd2 Rc8
16.Na3 b6 17.Bxg7 Kxg7 18.Qb2+ f6 19.d4 Ne8 20.Rfd1 Nd6 21.dxc5 bxc5 22.Nd4 Bf7
23.Bh3 Rb8 24.Ne6+ Bxe6 25.Bxe6 Qb6 26.Nc4 Nxc4 27.Bxc4 Rfd8 28.Qb3 Rxd1+
29.Rxd1 Rd8 30.Rxd8 Qxd8 31.Qe3 Qd6 32.Qe4 Qd7 33.a5 e5 34.a6 Qd1+ 35.Kg2 h5
36.h4 Qc1 37.Qb7+ Kh6 38.Bg8  1-0